| 000 | 00758cab a2200229 4500 | ||
|---|---|---|---|
| 001 | ABS59541 | ||
| 008 | 090401t1998 xxu||||| |||| 00| 0 eng d | ||
| 035 | _a(Sirsi) u89320 | ||
| 041 | _aeng | ||
| 100 | _aCohen, R. | ||
| 245 | _aRocked to the foundations by an expert witness | ||
| 260 | _c1998 | ||
| 350 | _a0 | ||
| 490 |
_aProperty Week _v63(25) 16 October 1998, 37(1) |
||
| 520 | _aDetails a case where an expert witness was unsuccessfully sued for negligence, illustrating the lack of control litigants may have over the conduct of their case. | ||
| 650 | _aEXPERT WITNESSES | ||
| 650 | _aNEGLIGENCE | ||
| 650 | _aPROFESSIONAL ADVICE | ||
| 690 | _aMANAGEMENT-BUSINESS MANAGEMENT-PROFESSIONAL PRACTICE | ||
| 942 | _n0 | ||
| 948 | _c28/10/1998 | ||
| 999 |
_c56500 _d56500 |
||